00372nam a2200145Ia 4500003000400000005001700004008004000021040000700061041001200068082001600080100002300096245006900119260003000188300000800218OSt20260218095135.0210210b1955 xxu||||| |||| 00| 0 eng d cAL aEnglish a823.91 CONH aArthur Conan Doyle aHound of the baskervilles: another adventure of Sherlock Holmes. aLondonbJohn Murrayc1955 a248